000
00263 a2200097 4500
001
55391
100
_a
245
_a
Fluid mechanics, 6th Ed; with student resources CD-ROM
260
_a
Boston
_b
McGraw-Hill Higher Education
_c
2008
090
_c
34387
_d
34387
942
_a
NUST-CAE
_c
MONOGRAPH
_c
27099
999
_c
290464
_d
290464